[Event "WYCC 2018 O14"]
[Site "Halkidiki"]
[Date "2018.10.30"]
[Round "11"]
[White "Vujovic, Savo"]
[Black "Torngren, Gustav"]
[Result "0-1"]
[WhiteElo "1781"]
[BlackElo "2107"]
[Annotator "NA"]
[PlyCount "94"]
[EventDate "2018.10.20"]
[EventType "swiss"]
[EventCountry "GRE"]
[SourceTitle "playchess.com"]
[Source "ChessBase"]
[SourceQuality "1"]
[TimeControl "40/5400+30:1800+30"]

1. e4 {[%emt 0:00:00]} c5 {[%emt 0:00:00]} 2. Nf3 {[%emt 0:00:00]} g6 {[%emt 0:00:06]} 3. d4 {[%emt 0:00:00]} cxd4 {[%emt 0:00:09]} 4. Qxd4 {[%emt 0:00:00]} Nf6 {[%emt 0:00:13]} 5. e5 {[%emt 0:00:02]} Nc6 {[%emt 0:00:08]} 6. Qa4 {[%emt 0:00:05]} Nd5 {[%emt 0:00:09]} 7. Qe4 {[%emt 0:00:09]} Nb6 {[%emt 0:00:06] B27: Sizilianisch (Frühes Fianchetto)} 8. Bg5 {[%emt 0:06:07]} (8. Nc3 Bg7 9. Bf4 d5 10. exd6 Bf5 11. dxe7 Qd7 12. Qe3 Nb4 13. Rc1 Nxc2+ 14. Rxc2 Bxc2 15. Bb5 Bxc3+ 16. Qxc3 Qxb5 17. Qxh8+ Kxe7 {½-½ (22) Ortiz Suarez,I (2548)-Guseinov,G (2654) Barbera del Valles 2018}) 8... Bg7 {[%emt 0:07:12]} 9. Nc3 {[%emt 0:06:01]} d5 {[%emt 0:01:49]} 10. exd6 {[%emt 0:01:57]} Bxc3+ $146 {[%emt 0:02:49]} ({Vorgänger:} 10... Qxd6 11. Bb5 Bf5 12. Qe2 O-O 13. O-O Bg4 14. Rad1 Qc7 15. h3 Bxf3 16. Qxf3 {1-0 (51) Sanal,V (2533)-Ivic,V (2345) Zalakaros 2017}) 11. bxc3 {[%emt 0:00:04]} Qxd6 {[%emt 0:00:11]} 12. Bb5 {[%emt 0:02:24]} Bf5 {[%emt 0:02:57]} 13. Bxc6+ {[%emt 0:07:34]} bxc6 {[%emt 0:02:22]} 14. Qd4 {[%emt 0:10:34]} Qxd4 {[%emt 0:09:09]} 15. Nxd4 {[%emt 0:00:12]} Bd7 {[%emt 0:00:35]} 16. O-O {[%emt 0:02:14]} f6 {[%emt 0:00:18]} 17. Bh6 {[%emt 0:09:37]} Kf7 {[%emt 0:06:10]} 18. h4 {[%emt 0:07:32]} Na4 {[%emt 0:11:55]} 19. Rab1 {[%emt 0:10:10]} Rab8 {[%emt 0:03:34]} 20. Ne2 {[%emt 0:10:31]} Bf5 {[%emt 0:08:34]} 21. Rfc1 {[%emt 0:10:52]} Rb6 {[%emt 0:14:13]} 22. Rb3 {[%emt 0:03:33]} c5 {[%emt 0:06:12]} 23. Be3 {[%emt 0:01:26]} Rhb8 {[%emt 0:01:36]} 24. Nf4 {[%emt 0:04:14]} c4 {[%emt 0:03:08]} 25. Ra3 {[%emt 0:00:08]} Ra6 {[%emt 0:00:01]} 26. Nd5 {[%emt 0:00:38]} Bd7 {[%emt 0:07:34]} 27. Nb4 {[%emt 0:01:55]} Ra5 {[%emt 0:02:24]} 28. Kf1 {[%emt 0:01:32]} Rb7 {[%emt 0:00:20]} 29. f3 {[%emt 0:00:49]} Be8 {[%emt 0:01:09]} 30. g3 {[%emt 0:00:50]} Rf5 {[%emt 0:00:39]} 31. Kf2 {[%emt 0:00:26]} h5 {[%emt 0:02:19]} 32. Rd1 {[%emt 0:01:04]} Nxc3 {[%emt 0:00:35]} 33. Rxc3 {[%emt 0:00:11]} Rxb4 {[%emt 0:00:01]} 34. Ra3 {[%emt 0:00:59]} a5 {[%emt 0:00:59]} 35. Bd2 {[%emt 0:01:00]} Ra4 {[%emt 0:00:28]} 36. Bc1 {[%emt 0:00:26]} Rxa3 {[%emt 0:03:30]} 37. Bxa3 {[%emt 0:00:06]} Bc6 {[%emt 0:00:17]} 38. f4 {[%emt 0:00:20]} g5 {[%emt 0:00:56]} 39. Ke3 {[%emt 0:01:04]} e5 {[%emt 0:00:32]} 40. fxg5 {[%emt 0:00:00]} Rf3+ {[%emt 0:00:00]} 41. Ke2 {[%emt 0:00:59]} Rxa3 {[%emt 0:01:26]} 42. Rf1 {[%emt 0:00:12]} Bf3+ {[%emt 0:08:10]} 43. Rxf3 {[%emt 0:02:51]} Rxf3 {[%emt 0:01:45]} 44. Kxf3 {[%emt 0:01:21]} fxg5 {[%emt 0:00:16]} 45. Ke4 {[%emt 0:01:58]} gxh4 {[%emt 0:00:10]} 46. gxh4 $19 {[%emt 0:01:08]} Ke6 {[%emt 0:01:10]} 47. c3 {[%emt 0:03:29]} a4 {[%emt 0:02:40] Kd4} 0-1

[Event "WYCC 2018 O14"]
[Site "Halkidiki"]
[Date "2018.10.30"]
[Round "11"]
[White "Shinn, Jungmin"]
[Black "Boyer, Mahel"]
[Result "0-1"]
[WhiteElo "1659"]
[BlackElo "2227"]
[Annotator "NA"]
[PlyCount "88"]
[EventDate "2018.10.20"]
[EventType "swiss"]
[EventCountry "GRE"]
[SourceTitle "playchess.com"]
[Source "ChessBase"]
[SourceQuality "1"]
[TimeControl "40/5400+30:1800+30"]

1. e4 {[%emt 0:00:19]} c5 {[%emt 0:00:00]} 2. Nc3 {[%emt 0:00:11]} a6 {[%emt 0:00:00]} 3. Nge2 {[%emt 0:02:47]} b5 {[%emt 0:00:00]} 4. g3 {[%emt 0:01:13]} Bb7 {[%emt 0:00:00]} 5. Bg2 {[%emt 0:00:23]} e6 {[%emt 0:01:15]} 6. O-O {[%emt 0:00:34] LiveBook: 184 Games} Nf6 {[%emt 0:00:10]} 7. d3 {[%emt 0:04:58] B23: Closed Sicilian: Lines without g3} d5 {[%emt 0:00:10]} (7... b4 8. Na4 d5 9. e5 Nfd7 10. f4 Nc6 11. a3 a5 12. c4 dxc4 13. dxc4 Be7 14. Be3 O-O 15. Qc2 Qc7 16. Be4 g6 17. Rad1 Rfd8 18. Rd2 Rac8 19. Rfd1 Ncb8 {1-0 (19) Gdanski,J (2455)-Kempinski,R (2577) Zgierz 2018}) 8. Bg5 {[%emt 0:01:10]} b4 {[%emt 0:01:54]} 9. Na4 {[%emt 0:02:32]} Nbd7 {[%emt 0:02:39]} 10. exd5 {[%emt 0:02:59]} Bxd5 {[%emt 0:07:01]} 11. Bxd5 {[%emt 0:02:21]} exd5 {[%emt 0:00:11]} 12. d4 {[%emt 0:07:00]} c4 {[%emt 0:00:46]} 13. Qe1 $146 {[%emt 0:02:33]} ({Predecessor:} 13. Nf4 Be7 14. Nc5 O-O 15. Nxd7 Qxd7 {0-1 (26) Czebe,A (2458)-Englert,F (2282) Budapest 2013}) 13... Be7 {[%emt 0:07:57]} 14. Bd2 {[%emt 0:02:40]} (14. Nc5 $5) 14... a5 {[%emt 0:05:19]} 15. a3 {[%emt 0:04:56]} bxa3 {[%emt 0:04:39]} 16. bxa3 {[%emt 0:06:16]} O-O {[%emt 0:01:10]} 17. Be3 {[%emt 0:01:05]} Qc7 {[%emt 0:01:04]} 18. Nec3 {[%emt 0:00:45]} Qc6 {[%emt 0:03:25]} 19. Qe2 {[%emt 0:06:44]} Rab8 {[%emt 0:02:05]} 20. Ra2 {[%emt 0:04:04]} Rfe8 {[%emt 0:01:00]} 21. Nb2 {[%emt 0:06:09]} h6 {[%emt 0:11:21]} 22. Rb1 {[%emt 0:03:44]} Rb7 {[%emt 0:03:30]} 23. Nbd1 {[%emt 0:01:25]} Rxb1 {[%emt 0:01:46]} 24. Nxb1 {[%emt 0:00:07]} Rb8 {[%emt 0:02:13]} 25. Nbc3 {[%emt 0:02:08]} Bd6 {[%emt 0:06:20]} 26. Qf3 {[%emt 0:04:08]} Re8 {[%emt 0:08:29]} 27. Bd2 {[%emt 0:02:03]} Ne4 {[%emt 0:04:40]} 28. Nxe4 {[%emt 0:04:58]} dxe4 {[%emt 0:02:46]} 29. Qg4 {[%emt 0:02:09]} Nf6 {[%emt 0:01:57]} 30. Qf5 {[%emt 0:01:50]} Nd5 {[%emt 0:04:48]} 31. Ne3 {[%emt 0:02:21]} Nxe3 {[%emt 0:00:33]} 32. Bxe3 {[%emt 0:00:34]} a4 {[%emt 0:00:39]} 33. c3 {[%emt 0:01:01]} g6 {[%emt 0:00:20]} 34. Qh3 {[%emt 0:01:50]} h5 {[%emt 0:00:10]} 35. Qh4 {[%emt 0:01:31]} Qb5 {[%emt 0:08:15]} 36. Re2 {[%emt 0:03:50]} Bxa3 {[%emt 0:03:45]} 37. Bh6 {[%emt 0:01:30]} Qf5 {[%emt 0:00:44]} 38. h3 {[%emt 0:01:51]} Bf8 {[%emt 0:05:05]} 39. Bxf8 {[%emt 0:02:00]} Kxf8 {[%emt 0:00:05]} 40. g4 $2 {[%emt 0:00:00]} (40. Qf4 {war die einzige Verteidigung.}) 40... Qf3 {[%emt 0:00:00]} 41. Re3 {[%emt 0:00:46]} Qf4 {[%emt 0:02:17]} 42. Re1 {[%emt 0:02:38]} a3 {[%emt 0:09:36]} 43. Ra1 {[%emt 0:02:44]} e3 $19 {[%emt 0:03:48]} 44. fxe3 {[%emt 0:00:05]} Rxe3 {[%emt 0:00:58]} 0-1